| 000 | 00442nam a2200145 4500 | ||
|---|---|---|---|
| 999 |
_c508053 _d508053 |
||
| 008 | 190306b ||||| |||| 00| 0 eng d | ||
| 100 |
_aKarnam, Gayithri _93115 |
||
| 245 |
_aKarnataka state budgets: _bhow far they have promoted inclusiveness |
||
| 260 | _c2018 | ||
| 300 | _ap.24-42. | ||
| 700 |
_aAcharya, Vijeth _93067 |
||
| 773 | _aJournal of Social and Economic Development | ||
| 906 | _aBudget - India - Karnataka | ||
| 942 |
_2ddc _cAR |
||